Countries where it never snows - Statistics

General Stats
  • This quiz has been taken 92 times
  • The average score is 64 of 76
Answers on the Map
Answers color-coded by a green-red scale on the quiz's map according to % correct below.
 
Answer Stats
Answer % Correct
Cuba
92%
Guinea
92%
Niger
91%
Panama
91%
Fiji
89%
Haiti
89%
Jamaica
89%
Maldives
89%
Republic of the Congo
89%
Somalia
89%
South Sudan
89%
Bahrain
88%
Burkina Faso
88%
Dominica
88%
Ghana
88%
Guinea Bissau
88%
Honduras
88%
Nauru
88%
Nigeria
88%
Qatar
88%
Sudan
88%
Belize
87%
Central African Republic
87%
Comoros
87%
Costa Rica
87%
Gabon
87%
Liberia
87%
Mali
87%
Mauritius
87%
Palau
87%
Philippines
87%
Seychelles
87%
Sri Lanka
87%
Angola
85%
Ivory Coast
85%
Kiribati
85%
Malaysia
85%
Senegal
85%
Suriname
85%
Togo
85%
Tuvalu
85%
Benin
84%
Djibouti
84%
Equatorial Guinea
84%
Eritrea
84%
Gambia
84%
Guyana
84%
Kuwait
84%
Marshall Islands
84%
Mauritania
84%
Micronesia
84%
Nicaragua
84%
Sierra Leone
84%
Tonga
84%
Brunei
83%
El Salvador
83%
Saint Kitts and Nevis
83%
Saint Lucia
83%
Solomon Islands
83%
Zambia
83%
Antigua and Barbuda
81%
Saint Vincent and the Grenadines
81%
Samoa
81%
Trinidad and Tobago
81%
Vanuatu
81%
East Timor
80%
Mozambique
80%
Sao Tome and Principe
80%
Barbados
79%
Cambodia
79%
Singapore
79%
Thailand
79%
Burundi
77%
Botswana
75%
Grenada
73%
Bangladesh
72%
No matching quizzes found
Score Distribution
Percent of People with Each Score
Percentile by Number Answered
Your Score History
You have not taken this quiz